000 00292nam a22001217a 4500
020 _a3-540-12569-8
082 _a621.38152 KUB'P
100 _aKUBAT, M
_974136
245 _aPOWER SEMICONDUCTORS WITH 439 FIGURES
260 _aNEWYORK
_bSPRINGER VERLAG
_c1989
300 _a507P
942 _cBK
999 _c579705
_d579705